Laboratory manual in biochemistry / (Record no. 37138)
[ view plain ]
| 000 -LEADER | |
|---|---|
| fixed length control field | 00683nam a2200229 a 4500 |
| 001 - CONTROL NUMBER | |
| control field | 37138 |
| 003 - CONTROL NUMBER IDENTIFIER | |
| rucl marc code | BD-RjUL |
| 005 - DATE AND TIME OF LATEST TRANSACTION | |
| control field | 20211209052600.0 |
| 008 - FIXED-LENGTH DATA ELEMENTS--GENERAL INFORMATION | |
| fixed length control field | 141019r19961981ii a|||| |||| 001 0 eng d |
| 020 ## - INTERNATIONAL STANDARD BOOK NUMBER | |
| International Standard Book Number | 0852264283 |
| 035 ## - SYSTEM CONTROL NUMBER | |
| System control number | (BD-RjUL)37240 |
| 040 ## - CATALOGING SOURCE | |
| Original cataloging agency | BD-RjUL |
| Language of cataloging | eng |
| Transcribing agency | BD-RjUL |
| Modifying agency | BD-RjUL |
| 041 ## - LANGUAGE CODE | |
| Language code of text/sound track or separate title | eng |
| 082 ## - DEWEY DECIMAL CLASSIFICATION NUMBER | |
| Classification number | 574.192028 |
| Author mark and year | JAL 1996 |
| 100 ## - MAIN ENTRY--PERSONAL NAME | |
| Personal name | Jayaraman, J |
| 9 (RLIN) | 35753 |
| 245 ## - TITLE STATEMENT | |
| Title | Laboratory manual in biochemistry / |
| Statement of responsibility, etc. | J. Jayaraman. |
| 260 ## - PUBLICATION, DISTRIBUTION, ETC. (IMPRINT) | |
| Place of publication, distribution, etc. | New Delhi : |
| Name of publisher, distributor, etc. | New Age International, |
| Date of publication, distribution, etc. | c1981 [reprint 1996]. |
| 300 ## - PHYSICAL DESCRIPTION | |
| Pagination | viii, 180 p. : |
| Illustrations | ill. ; |
| Size | 24 cm. |
| 500 ## - GENERAL NOTE | |
| General note | Includes index. |
| 650 ## - SUBJECT ADDED ENTRY--TOPICAL TERM | |
| Topical term or geographic name as entry element | Biochemistry |
| General subdivision | Laboratory manuals. |
| 9 (RLIN) | 113569 |
| 942 ## - ADDED ENTRY ELEMENTS (KOHA) | |
| Source of classification or shelving scheme | Dewey Decimal Classification |
| Koha item type | Books |
| Lost status | Source of classification or shelving scheme | Damaged status | Not for loan | Collection code | Permanent Location | Current Location | Shelving location | Date acquired | Total Checkouts | Full call number | Date last seen | Copy number | Koha item type | Source of acquisition |
|---|---|---|---|---|---|---|---|---|---|---|---|---|---|---|
| Dewey Decimal Classification | Not For Loan | Non-fiction | Institute of Biological Sciences (IBSc) Library | Institute of Biological Sciences (IBSc) Library | 19/10/2014 | 574.192028 JAL 1996 | 19/10/2014 | C-1 | Books | |||||
| Dewey Decimal Classification | Not For Loan | Non-fiction | Institute of Biological Sciences (IBSc) Library | Institute of Biological Sciences (IBSc) Library | 13/01/2015 | 574.192028 JAL 1996 | 13/01/2015 | C-2 | Books | Karim International |